000 01421nam a2200229 i 4500
001 768714001
003 CO-MdFUSB
005 20240522112251.0
008 240522t1973 sp ||||| |||| 00| 0 spa d
040 _bspa
_cCO-MdFUSB
_dCO-MdFUSB
041 _aspa
100 _aDominian, Jack,
_d 1929-
_eautor
245 _aMatrimonios fracasados
_c/ Jack Dominian ; traducido por Jesús Valiente Malla
520 _aAl examinar las actitudes y los cambios actuales en el campo de la moral sexual, podemos observar dos generalidades principales. La primera es mostrar con vehemencia y acusación el deterioro general de las normas morales. Otro, también profundamente preocupado por la integridad humana, aborda esta misma cuestión con una apertura que busca primero definir y luego comprender estos mismos fenómenos antes de juzgarlos. Para ello se utilizan las ciencias del comportamiento, principalmente la psicología y la sociología, que precisamente se encargan del estudio y análisis del comportamiento humano.
650 0 _aDivorcio
_9786
650 7 _aMatrimonio
_9300
650 2 _aConciencia (Moral)
_9927
700 _aValiente Malla, Jesús,
_etraductor
773 0 _049450
_982667
_oR2577
_tRevista internacional de teología Concilium
_w(CO-MdFUSB)8
_x0210-1041
_gNúmero 87, (julio - agosto, 1973), páginas: 126 - 139
_qpágina: 126
942 _cANA
945 _aCatherine Arias Alvarez - Practicante SENA
999 _c69827
_d69827